Countries Most Similar To Azerbaijan - Statistics

General Stats
  • This quiz has been taken 198 times
  • The average score is 15 of 20
Answer Stats
Rank Country Score % Correct
1 Turkey 75.5
96%
7 Iran 68.4
93%
9 Georgia 65.3
91%
3 Kazakhstan 71.3
90%
2 Uzbekistan 73.7
90%
4 Turkmenistan 71.3
88%
8 Armenia 67.5
87%
14 Russia 61
87%
17 Iraq 60.8
83%
6 Kyrgyzstan 69.4
81%
5 Tajikistan 69.5
78%
12 Ukraine 62.9
75%
18 Syria 60.8
71%
11 Belarus 63.1
69%
20 Bulgaria 60.1
63%
13 Albania 62.5
59%
10 Moldova 63.6
58%
16 Romania 60.9
56%
15 Serbia 61
49%
19 Egypt 60.6
33%
No matching quizzes found
Score Distribution
Percent of People with Each Score
Percentile by Number Answered
Your Score History
You have not taken this quiz